| 000 | 00607nam a22001937a 4500 | ||
|---|---|---|---|
| 005 | 20180402172100.0 | ||
| 010 | _aENG-122439 | ||
| 020 |
_a9788171392537 _c295.00 |
||
| 035 | _aEN-105971 | ||
| 037 | _bDBAD/PUB | ||
| 082 | _a570.3 | ||
| 245 |
_aDictionary of biology / _ced. by Haojam Rocky Singh [and] Richa Chowdhary |
||
| 260 |
_aNew Delhi _bJnanada Prakashan (P&D) _c2009 |
||
| 270 |
_a4837/2, 24, Ansari Road, Daryaganj, _bNew Delhi _e110002 |
||
| 300 |
_a164p. _bill. _c21cm(Hb) |
||
| 700 | _dHaojam Rocky Singh | ||
| 700 | _dChowdhary, Richa | ||
| 942 |
_2ddc _cEN _h570.3 _mDIC |
||
| 999 |
_c150631 _d150631 |
||